• 首页
  • 本馆介绍
  • 公告通知
  • 最新文献
  • 馆藏检索
  • 电子资源
  • 读者导购
  • 参考咨询
  • 我的图书馆
  • 登录
  • 详细信息显示
  • 放入我的书架
  • 预约/预借图书
  • 作者相关作品
  • 分类相关作品
  • 丛书相关作品
  • 出版社相关作品

书目信息

  • 表格格式
  • 工作单格式
  • 卡片格式
题名:
注册环保工程师执业资格考试复习教程
    
 
作者: 柴晓利 , 刘建勇 , 党小庆 编著
分册:  
出版信息: 北京   化学工业出版社  2006
页数: 557页
开本: 26cm
丛书名:
单 册:
中图分类: X , X-01
科图分类:
主题词: 环境保护--考核--自学参考资料 , 环境堡--环境政策 , 环境政策
电子资源:
ISBN: 7-5025-8686-5
000 01126nam0 2200313 450
001 012004051093
005 20070805145741.93
009 012004051093
010    @a7-5025-8686-5@dCNY78.00
035    @a(110019)012006052591
100    @a20060703d2006 em y0chiy0110 ea
101 0  @achi
102    @aCN@b110000
105    @ay z 000yy
106    @ar
200 1  @a注册环保工程师执业资格考试复习教程@Azhu ce huan bao gong cheng shi zhi ye zi ge kao shi fu xi jiao cheng@f柴晓利, 刘建勇, 党小庆编著@Fchai xiao li , liu jian yong , dang xiao qing bian zhu
210    @a北京@c化学工业出版社@d2006
215    @a557页@d26cm
330    @a本书按照2006年注册环保工程师执业资格考试大纲编写。概括了大纲要求的所有知识点,内容涉及水污染控制、大气污染控制、固体废物污染控制和资源化、物理污染控制等。
606 0  @a环境保护@x考核@j自学参考资料
606 0  @a环境堡@x环境政策
606 0  @a环境政策
690    @aX@v4
690    @aX-01@v3
701  0 @a柴晓利@Achai xiao li@4编著
701  0 @a刘建勇@Aliu jian yong@4编著
701  0 @a党小庆@Adang xiao qing@4编著
801  0 @aCN@b110019@c20070805
905    @dX-01@e146@f5
    
    注册环保工程师执业资格考试复习教程/柴晓利, 刘建勇, 党小庆编著.-北京:化学工业出版社,2006
    557页;26cm
    
    
    ISBN 7-5025-8686-5:CNY78.00
    本书按照2006年注册环保工程师执业资格考试大纲编写。概括了大纲要求的所有知识点,内容涉及水污染控制、大气污染控制、固体废物污染控制和资源化、物理污染控制等。
●
相关链接 在E读中查询图书 在五车中查询图书 在当当中查询图书 在豆瓣中查询图书


正题名:注册环保工程师执业资格考试复习教程     索取号:X-01/146         预约/预借

序号 登录号 条形码 馆藏地/架位号 状态 备注
1 0850647   208506473   第二样本阅览室/ [索取号:X-01/146] 在馆    
2 0850648   208506482   第三借阅区/ [索取号:X-01/146] 在馆    
3 0850649   208506491   第三借阅区/ [索取号:X-01/146] 在馆    
4 0850650   208506507   第三借阅区/ [索取号:X-01/146] 在馆    
5 0850651   208506516   第三借阅区/ [索取号:X-01/146] 在馆    
唐山师范学院图书馆 欢迎您!
大连网信软件有限公司© 版权所有